000 00925pam a2200265 a 4500
001 3035813
005 20241214153759.0
008 951103s1996 paua b 001 0 eng c
020 _a9780803601444
050 0 0 _aQM451
_b.G47 1996
082 0 0 _a612.8
_220
100 1 _aGilman, Sid.
245 1 0 _aManter and Gatz's essentials of clinical neuroanatomy and neurophysiology.
_cSId Gilman & Sarah Winans Newman
250 _aEd. 9 /
_bSid Gilman, Sarah Winans Newman ; illustrations by Margaret Croup Brudon.
260 _aPhiladelphia :
_bF.A. Davis,
_cc1996.
300 _axv, 309 p. :
_bill. some color
_c26 cm.
650 0 _aNeuroanatomy.
650 0 _aNeurophysiology.
650 1 2 _aNervous System
_xanatomy & histology.
650 1 2 _aNervous System
_xphysiology.
700 1 _aNewman, Sarah Winans.
700 1 _aManter, John Tinkham,
_d1910-
700 1 _aGatz, Arthur John,
_d1907-
942 _2lcc
_cBK
_e9th ed.
_n0
999 _c2233
_d2233